00340nam a2200109Ia 4500008004100000082000800041100001300049245005000062942000600112952009700118999001500215240331s9999 xx 000 0 und d bKHA aKhan,A.H 0aThen Inthiyavil communist kadchiyin thuvakkam cL 001040708LaWERCLbWERCLcSSCd2024-03-31l0o 324.2 KHAp1214r2024-03-31w2024-03-31yL c2531d2531